000 01031nam a2200277 i 4500
003 DO-SdBNP
005 20230710110600.0
007 ta
008 110301s2021 dr a j 000 0 spa d
020 _a9789945509076
040 _aDO-SdBNP
_bspa
_cBNPHU
_erda
082 4 _bT217t
_222
100 1 _aTatem Brache, Yildalina,
_953018
_d1966-
245 1 0 _atres cuentos sobre la vida :
_bpara niñas, niños y adolescentes /
_cYildalina Tatem Brache ; corrección, Ivanna Molina, Graciela Morales
264 1 _aSanto Domingo :
_bMinisterio de la Mujer,
_c2021.
300 _a22 páginas :
_bilustraciones ;
_c23 cm.
336 _2rdacontent
_atexto
_btxt
337 _2rdamedia
_asin mediación
_bn
338 _2rdacarrier
_avolumen
_bnc
500 _aColaboración Fundación Friedrich Ebert Stiftung y Fondo Poblacional de las Naciones Unidas.
590 _aInventariado, 2022/ YL
700 1 _aMolina, Ivanna,
_ecorrección
_981437
700 1 _aMorales, Graciela,
_ecorrección
_983715
910 _aYLockward
942 _2ddc
_cLF2
999 _c51858
_d51858